Länder, die Deutschland am nächsten liegen - Statistiken

Allgemein
  • Dieses Quiz wurde 183 mal gespielt
  • Das Durchschnittsergebnis liegt bei 19 aus 20
Antwortstatistiken
# km Land % Korrekt
2 0 Dänemark
100%
6 0 Österreich
100%
1 0 Belgien
99%
3 0 Frankreich
99%
4 0 Luxemburg
99%
5 0 Niederlande
99%
7 0 Polen
99%
8 0 Schweiz
99%
9 0 Tschechien
99%
11 46 Italien
98%
13 118 Slowenien
98%
12 74 Schweden
97%
16 224 Slowakei
97%
10 33 Liechtenstein
94%
18 327 Norwegen
94%
14 220 Ungarn
94%
17 310 Vereinigtes Königreich
91%
15 221 Kroatien
89%
19 331 Bosnien und Herzegowina
73%
20 356 Russland
71%
Keine übereinstimmenden Quizze gefunden
Verteilung der Resultate
Anzahl Personen mit jedem Resultat
Perzentil nach korrekt beantworteten Fragen
Ihre Resultats-Entwicklung
Sie haben dieses Quiz noch nicht gespielt